The status of the Puerto Rico Electric Power Authority (PREPA) restructuring support agreement : oversight hearing before the Subcommittee on Indian, Insular and Alaska Native Affairs of the Committee on Natural Resources, U.S. House of Representatives, One Hundred Fifteenth Congress, first session, Wednesday, March 22, 2017.

Bibliographic Details
Corporate Author: United States. Congress. House. Committee on Natural Resources. Subcommittee on Indian, Insular, and Alaska Native Affairs (Author)
Format: Government Document eBook
Language:English
Published: Washington : U.S. Government Publishing Office, 2017.
Subjects:
Online Access:https://purl.fdlp.gov/GPO/gpo81069
http://purl.fdlp.gov/GPO/gpo81069

MARC

Tag First Indicator Second Indicator Subfields
LEADER 00000cam a2200000 i 4500
001 in00003842002
005 20210514091626.0
006 m o d f
007 cr c|||||a||||
008 170524s2017 dcua ob f000 0 eng c
035 |a (OCoLC)ocn987889776 
042 |a pcc 
043 |a nwpr--- 
040 |a GPO  |b eng  |e rda  |e pn  |c GPO  |d BUF  |d MERUC  |d AZP  |d OCLCF  |d OCLCQ  |d GPO  |d MvI 
049 |a WWW 
050 1 4 |a KF27  |b .I52816 2017a 
074 |a 1023-C (online) 
086 0 |a Y 4.R 31/3:115-3 
088 |a Serial no. 115-3 (United States. Congress. House. Committee on Natural Resources) 
110 1 |a United States.  |b Congress.  |b House.  |b Committee on Natural Resources.  |b Subcommittee on Indian, Insular, and Alaska Native Affairs,  |e author. 
245 1 4 |a The status of the Puerto Rico Electric Power Authority (PREPA) restructuring support agreement :  |b oversight hearing before the Subcommittee on Indian, Insular and Alaska Native Affairs of the Committee on Natural Resources, U.S. House of Representatives, One Hundred Fifteenth Congress, first session, Wednesday, March 22, 2017. 
264 1 |a Washington :  |b U.S. Government Publishing Office,  |c 2017. 
300 |a 1 online resource (iii, 84 pages) :  |b color illustrations 
336 |a text  |b txt  |2 rdacontent 
337 |a computer  |b c  |2 rdamedia 
338 |a online resource  |b cr  |2 rdacarrier 
588 0 |a Online resource, PDF version; title from title page (FDsys web site, viewed on May 24, 2017). 
500 |a Paper version available for sale by the Superintendent of Documents, U.S. Government Publishing Office. 
504 |a Includes bibliographical references. 
500 |a "Serial no. 115-3." 
610 2 0 |a Puerto Rico Electric Power Authority  |x Finance. 
650 0 |a Debt relief  |z Puerto Rico. 
651 0 |a Puerto Rico  |x Economic conditions. 
610 2 7 |a Puerto Rico Electric Power Authority.  |2 fast  |0 (OCoLC)fst00600185 
650 7 |a Debt relief.  |2 fast  |0 (OCoLC)fst00888793 
650 7 |a Economic history.  |2 fast  |0 (OCoLC)fst00901974 
650 7 |a Finance.  |2 fast  |0 (OCoLC)fst00924349 
651 7 |a Puerto Rico.  |2 fast  |0 (OCoLC)fst01205432 
655 7 |a Legislative hearings.  |2 fast  |0 (OCoLC)fst01910825 
655 7 |a Legislative hearings.  |2 lcgft 
776 0 8 |i Print version:  |a United States. Congress. House. Committee on Natural Resources. Subcommittee on Indian, Insular, and Alaska Native Affairs.  |t Status of the Puerto Rico Electric Power Authority (PREPA) restructuring support agreement  |w (DLC) 2017415560  |w (OCoLC)987792283 
776 0 8 |i Microfiche version:  |a United States. Congress. House. Committee on Natural Resources. Subcommittee on Indian, Insular, and Alaska Native Affairs.  |t Status of the Puerto Rico Electric Power Authority (PREPA) restructuring support agreement  |w (OCoLC)1008728130 
856 4 0 |u https://purl.fdlp.gov/GPO/gpo81069  |t 0 
856 4 0 |u http://purl.fdlp.gov/GPO/gpo81069  |t 0 
999 f f |s 0a66f787-78cc-3745-90aa-43b17242b5f1  |i a261d036-3f62-397b-99d1-1ba3a16c50ca  |t 0 
952 f f |a Texas A&M University  |b College Station  |c Electronic Resources  |d Available Online  |t 0  |e Y 4.R 31/3:115-3  |h Superintendent of Documents classification 
998 f f |a Y 4.R 31/3:115-3  |t 0  |l Available Online